Kostol ako urbanistický fenomén slovenského vidieka

Bibliographic Details
Main Author: Gojdič, Ivan, 1948- (Author)
Format: Article
Language:Slovak
PhysicalDescription:Obr.
ISSN:4335-4353
Subjects:

MARC

LEADER 00000nab a2200000 a 4500
001 vtls000730411
003 SK-MaSNL
005 20260303210646.0
008 140429c2000 xo 0 slo
015 |a SNBRB2000/09-22720 
035 |a CLN000082543 
040 |a SNKBUCL  |b slo  |c SNKBUCL  |e AACR2 
041 0 |a slo 
044 |a xo  |c SK 
080 |a 711.436(437.6):726.54  |2 1997 
080 |a 726.54(437.6)  |2 1997 
080 |a 904(437.6):726.54  |2 1997 
100 1 |a Gojdič, Ivan,  |d 1948-  |4 aut  |9 236021 
245 1 0 |a Kostol ako urbanistický fenomén slovenského vidieka  |c Ivan Gojdič 
300 |b Obr. 
504 |a Bibliogr. odkazy 
650 0 7 |a kostoly  |x sídla vidiecke  |z Slovensko  |2 snkbucl  |9 1242676 
650 0 7 |a sídla vidiecke  |2 snkbucl  |9 901464 
655 7 |a články z novín a časopisov  |2 snkbucl  |9 267496 
773 0 |t Pamiatky a múzeá  |g Č. 1 (2000), s. 1-8  |x 4335-4353 
850 |a Slovenská národná knižnica v Martine 
852 |a SNK  |b KIS3GCP 
958 |a SK 
958 |a NB 
992 |a RBX 
999 |c 2201133  |d 2203063